Guess the Taylor Swift song no hints #28 - Statistics

General Stats
  • This quiz has been taken 69 times
  • The average score is 244 of 314
Answer Stats
Answer % Correct
you
100%
You
100%
a
98%
I
98%
I?
98%
the
98%
and
93%
And
93%
do
93%
it
93%
me
93%
your
93%
be
90%
If
90%
if
90%
I've
90%
love
90%
so
90%
You're
90%
in
88%
like
88%
my
88%
what
88%
where
88%
But
86%
for
86%
I'm
86%
it's
86%
then
86%
us
86%
would
86%
could
83%
don't
83%
that
83%
they
83%
too
83%
all
81%
now
81%
Now
81%
of
81%
this
81%
were
81%
head
79%
know
79%
should
79%
by
76%
got
76%
just
76%
tell
76%
Tell
76%
was
76%
tolerate
74%
with
74%
wrong
74%
best
71%
sit
71%
watch
71%
celebrated
69%
much
69%
up
69%
closed
67%
eyes
67%
fancy
67%
kid
67%
Lay
67%
or
67%
out
67%
shit
67%
somehow
67%
table
67%
colors
64%
door
64%
everything
64%
life
64%
made
64%
older
64%
time
64%
Use
64%
Always
62%
low
62%
portrait
62%
wait
62%
wiser
62%
good
60%
reading
60%
Took
60%
leave
57%
over
57%
sky
55%
take
55%
temple
55%
free
52%
story
52%
footnotes
50%
greet
50%
man
50%
notice
50%
other
50%
battle
48%
begging
48%
Believe
48%
fun
48%
glisten
48%
lose
48%
removed
48%
taking
48%
welcome
48%
breathing
45%
dagger
45%
gleam
45%
listen
45%
mural
45%
polish
45%
ruins
45%
space
45%
until
45%
wake
45%
weight
45%
Where's
45%
While
45%
who'd
45%
wire?
45%
worlds
45%
barbed
43%
blankets
43%
Break
43%
fine
43%
Gain
43%
hearts
43%
hero's
43%
plates
43%
throw
43%
building
40%
byline
38%
Drawing
38%
indiscretions
38%
assume
36%
No matching quizzes found
Score Distribution
Percent of People with Each Score
Percentile by Number Answered
Your Score History
You have not taken this quiz